000 01274nam a2200265 a 4500
001 000027124
003 OSt
005 20260321073641.0
008 110329s1993 dr c 000 0 spa d
040 _aDO-SdBNP
_bspa
_cBNPHU
082 _a320.97293054
_bG934g 1993
100 _aGuerrero, Miguel,
_d1945-
_914303
245 1 3 _aEl golpe de estado /
_cMiguel Guerrero.
250 _a3a ed.
260 _aSanto Domingo :
_bCorripio,
_c1993.
300 _a381 p. :
_bil., retrs. ;
_c23 cm.
500 _aIncluye índice de nombres
505 0 _aPrologo --
_tIntroducción --
_tRompiendo la tradición --
_tDondequiera hay un Trujillo --
_tBosch y la iglesia--
_tBosch y los militares--
_tTodos están contra Bosch --
_tDos informes de la CIA y un viaje a México--
_tUn paro patronal --
_tLas dos crisis con Haití --
_tEl golpe--
_tVarias llamadas al amanecer --
_tUn prisionero en el palacio--
_tEl triunvirato--
_tLa ruta del exilio--
_tUn presidente para la clandestinidad --
_tTodo fin tiene un comienzo --
590 _aInventariado, 2018/LP
600 1 0 _a Bosch, Juan,
_d1909-2001
_976555
651 4 _aRepública Dominicana
_xHistoria
_9170
651 4 _aRepública Dominicana
_xPolítica y gobierno
_y1961-
_9204
910 _aValidado. Control de calidad MFF
942 _2ddc
_cLBS1
999 _c26616
_d26616